Statistiken für Fußball Bundesligisten - Noch nie abgestiegen (schwer)

Klicken Sie hier um das Quiz zu spielen!

Allgemein

  • Dieses Quiz wurde 109 mal gespielt
    (3 seit der letzten Aktualisierung)
  • Das Durchschnittsergebnis liegt bei 4 aus 9

Antwortstatistiken

AufstiegVerein% Korrekt
1965FC Bayern München
100%
2024Holstein Kiel
67%
20231. FC Heidenheim 1846
33%
20191. FC Union Berlin
33%
1979Bayer 04 Leverkusen
33%
2011FC Augsburg 07
33%
2008TSG 1899 Hoffenheim
33%
1997VfL Wolfsburg
33%
2016RasenBallsport Leipzig
0%

Verteilung der Resultate

Perzentil nach korrekt beantworteten Fragen

Anzahl Personen mit jedem Resultat

Ihre Resultats-Entwicklung

Sie haben dieses Quiz seit der letzten Aktualisierung nicht gespielt